000
00303nam a2200133Ia 4500
100
_a
Mottershed/Allen
942
_c
BK
654
_a
electronic
245
_a
Electronic devices and circuits
260
_b
prentice hall
_a
New Delhi
_c
1987
082
_a
621.381
_b
MOT
300
_a
641
546
_a
ENGLISH
999
_c
22841
_d
22841